Rutas hacia del / raíces del álgebra

Este libro es una guía para los docentes o futuros docentes, que estén interesados en conocer los enfoques y perspectivas que tienen que ver con las aproximaciones al trabajo algebraico en la educación básica.

Saved in:
Bibliografiske detaljer
Andre forfattere: Mason, John
Format: Bog
Sprog:Spanish
Udgivet: Bogotá: Universidad Pedagógica y Tecnológica de Colombia, 1999
Fag:
Online adgang:Enlace del recurso
Tags: Tilføj Tag
Ingen Tags, Vær først til at tagge denne postø!

MARC

LEADER 00000nam a2200000 a 4500
001 000829
008 030408s1999 ck a fr# #000|0#spa#d
020 |a 958-9309-13-5 
041 0 |a spa 
043 |a s-ck--- 
082 0 4 |a 512  |b R871r 
245 1 0 |a Rutas hacia del / raíces del álgebra   |c John Mason .... [et al.] 
260 |a Bogotá:  |b Universidad Pedagógica y Tecnológica de Colombia,  |c 1999 
300 |a 161 p.:  |b il., gráf., tabl. 
520 3 |a Este libro es una guía para los docentes o futuros docentes, que estén interesados en conocer los enfoques y perspectivas que tienen que ver con las aproximaciones al trabajo algebraico en la educación básica. 
534 |p Título original:  |t Routs to / Roots of algebra 
650 1 4 |a ALGEBRA 
650 1 4 |a ENSEÑANZA DE LAS MATEMÁTICAS 
700 1 |a Mason, John 
999 |c 2981  |d 2981 
856 |u https://catalogo.idep.edu.co/cgi-bin/koha/opac-detail.pl?biblionumber=2981  |z Enlace del recurso